|
|
|
|
| LEADER |
01309nam a2200385Ia 4500 |
| 001 |
EBC479888 |
| 003 |
MiAaPQ |
| 005 |
20200520144314.0 |
| 006 |
m o d | |
| 007 |
cr cn||||||||| |
| 008 |
090903s2010 nju s 001 0 eng d |
| 010 |
|
|
|z 2009035913
|
| 020 |
|
|
|z 9780470496565 (pbk.)
|
| 035 |
|
|
|a (MiAaPQ)EBC479888
|
| 035 |
|
|
|a (Au-PeEL)EBL479888
|
| 035 |
|
|
|a (CaPaEBR)ebr10360977
|
| 035 |
|
|
|a (CaONFJC)MIL268484
|
| 035 |
|
|
|a (OCoLC)593260768
|
| 040 |
|
|
|a MiAaPQ
|c MiAaPQ
|d MiAaPQ
|
| 050 |
|
4 |
|a HG4028.C4
|b F38 2010
|
| 100 |
1 |
|
|a Fater, David H.
|
| 245 |
1 |
0 |
|a Essentials of corporate and capital formation
|h [electronic resource] /
|c David H. Fater.
|
| 260 |
|
|
|a Hoboken, NJ :
|b Wiley,
|c 2010.
|
| 300 |
|
|
|a xx, 331 p.
|
| 490 |
1 |
|
|a Essentials series
|
| 500 |
|
|
|a Includes index.
|
| 533 |
|
|
|a Electronic reproduction. Ann Arbor, MI : ProQuest, 2015. Available via World Wide Web. Access may be limited to ProQuest affiliated libraries.
|
| 650 |
|
0 |
|a Saving and investment.
|
| 650 |
|
0 |
|a Capital investments.
|
| 650 |
|
0 |
|a Capital market.
|
| 650 |
|
0 |
|a Industrial management.
|
| 655 |
|
4 |
|a Electronic books.
|
| 710 |
2 |
|
|a ProQuest (Firm)
|
| 830 |
|
0 |
|a Essentials series.
|
| 856 |
4 |
0 |
|u https://ebookcentral.proquest.com/lib/matrademy/detail.action?docID=479888
|z Click to View
|